Vocabulaire Anglais (Spéciale Corps Humain) - Statistiques

Statistiques générales
  • Ce quiz a été pris 7 620 fois
  • Le résultat moyen est 18 sur 25
Statistiques - réponses
Mot français (au singulier) Mot anglais % Correct
Oeil Eye
98%
Tête Head
98%
Cœur Heart
98%
Main Hand
97%
Nez Nose
97%
Pied Foot
96%
Jambe Leg
92%
Peau Skin
91%
Lèvre Lip
87%
Dos Back
86%
Genou Knee
86%
Cou Neck
84%
Dent Tooth
84%
Ongle Nail
78%
Sourcil Eyebrow
74%
Langue Tongue
74%
Poumon Lung
57%
Hanche Hip
52%
Sein Breast
47%
Avant bras Forearm
37%
Foie Liver
36%
Cuisse Thigh
32%
Nombril Navel
30%
Testicule Testicle
23%
Mollet Calf
21%
Aucun quiz correspondant
Distribution des résultats
% des personnes avec chaque résultat
Percentile par nombre de réponses
Votre historique - résultats
Vous n’avez pas pris ce quiz